El enjuiciamiento penal de menores

Detalles Bibliográficos
Autor principal: Grande Seara, Pablo
Otros Autores: Teixeira Rodrg̕uez, Xulio
Formato: Desconocido
Lenguaje:español
Publicado: Madrid : Boletn̕ Oficial del Estado, 2006
Materias:
Acceso en línea:Acceso restringido

MARC

LEADER 00000ny a22000003n 4500
005 20110621105541.0
008 080610s2006 sp s 000 0 spa c
017 |a D.L. M.16282-2006 
020 |a 843401629X 
035 |a 1770 
040 |a UMA.RE  |d vlex 
080 |a 343.224.1(0.034) 
090 |c 1332  |d 1332 
100 1 |a Grande Seara, Pablo 
245 1 3 |a El enjuiciamiento penal de menores  |h [Recurso electrn̤ico]  |c Pablo Grande Seara, Xulio Texeira Rodrg̕uez 
256 |a Servicio en ln̕ea 
260 |a Madrid :  |b Boletn̕ Oficial del Estado,  |c 2006 
506 1 |a Contenido solo disponible en los productos indicados  |d vLex Global  |d vLex Global (Academic Edition, excluding Law Schools)  |d vLex Global (U.S. Academic Edition, Law Schools)  |d vLex Global (U.S. Academic Edition, excluding Law Schools)  |d vLex Global (Academic Edition, Law Schools) 
650 0 7 |a Menores  |2 Tesauro vLex 
650 0 7 |a Civil  |2 Tesauro vLex 
650 0 7 |a Ley de enjuiciamiento criminal  |2 Tesauro vLex 
650 0 7 |a Procesal  |2 Tesauro vLex 
650 0 7 |a Proceso penal  |2 Tesauro vLex 
650 0 7 |a Procesamiento de menores  |2 Tesauro vLex 
650 0 7 |a Juez de menores  |2 Tesauro vLex 
650 0 7 |a Juzgados de menores  |2 Tesauro vLex 
700 1 |a Teixeira Rodrg̕uez, Xulio 
740 0 |a vLex Libros (Servicios en ln̕ea) 
856 4 0 |u http://vlex.com/source/1770  |z Acceso restringido 
942 |c BOOK